Business : Its legal, ethical, and global environment

The text provides superior legal, ethical, and regulatory coverage while fully integrating practical business practices for tomorrow's business managers. Legal topics are explored and explained through real-world business examples (over 300 references to business are made in the text). In addit...

Full description

Saved in:
Bibliographic Details
Main Author: Jennings, Marianne
Format: Book
Language:Undetermined
Published: Mason, Ohio Thomson/West 2006
Subjects:
Tags: Add Tag
No Tags, Be the first to tag this record!
Institutions: Trung tâm Học liệu Trường Đại học Cần Thơ
LEADER 01312nam a2200241Ia 4500
001 CTU_135552
008 210402s9999 xx 000 0 und d
020 |c 65.00 
082 |a 346.7307 
082 |b J54 
100 |a Jennings, Marianne 
245 0 |a Business : 
245 0 |b Its legal, ethical, and global environment 
245 0 |c Marianne Moddy Jennings 
260 |a Mason, Ohio 
260 |b Thomson/West 
260 |c 2006 
520 |a The text provides superior legal, ethical, and regulatory coverage while fully integrating practical business practices for tomorrow's business managers. Legal topics are explored and explained through real-world business examples (over 300 references to business are made in the text). In addition to a solid foundation in the law, students learn valuable legal and ethical reasoning skills through a variety of critical thinking exercises. Students receive -- and appreciate -- practical advice on when it is necessary to call a lawyer, how best to use legal aid services and how to avoid legal trouble in the first place 
650 |a Đạo đức kinh doanh,Business law,Business ethics,Luật thương mại 
650 |x Hoa Kỳ 
650 |z United States 
904 |i Huỳnh Mai 
980 |a Trung tâm Học liệu Trường Đại học Cần Thơ